| 000 | 00596nam a22002057a 4500 | ||
|---|---|---|---|
| 003 | 0 | ||
| 005 | 20260204154544.0 | ||
| 008 | 260204b xxu||||| |||| 00| 0 eng d | ||
| 020 | _a978-0-545-66329-8 | ||
| 050 |
_aFIC _bPa291 2013 |
||
| 082 |
_aFIC _bPa291 2013 |
||
| 100 | _aPastis, Stephan | ||
| 245 |
_aTimmy failure : _bmistakes were made / _cStephan Pastis. |
||
| 260 |
_aNew York, NY : _bScholastic Inc., _c2013. |
||
| 300 |
_a294 pages : _billustrations ; _c20 cm. |
||
| 650 | _aDetective and mystery stories. | ||
| 650 | _aFriendship. | ||
| 650 | _aHumorous stories. | ||
| 942 |
_2ddc _cBK |
||
| 999 |
_c368790 _d368790 |
||